Suurimman talouden kaupungit - Statistics

Yleistilastot
  • Tätä visaa on pelattu 82 kertaa
  • Keskiarvotulos 26 / 43
Vastaustilastot
BKT ($) Kaupunki % Oikein
1037 bil Pariisi
100%
1064 bil Lontoo
97%
1874 bil New York
97%
2206 bil Tokio
95%
1134 bil Los Angeles
86%
1546 bil Shanghai / Suzhou
86%
595 bil Delhi
84%
377 bil Madrid
84%
1005 bil Moskova
84%
951 bil Peking
81%
547 bil México
78%
715 bil Chicago
76%
859 bil Istanbul
76%
897 bil Osaka
76%
472 bil Hongkong
70%
560 bil Bangkok
68%
382 bil Buenos Aires
68%
389 bil Miami
68%
607 bil Mumbai
68%
1125 bil Soul
68%
579 bil Washington D.C.
68%
489 bil Houston
65%
842 bil Jakarta
62%
524 bil Dallas
57%
584 bil São Paulo
57%
600 bil Singapore
57%
475 bil Toronto
57%
953 bil San Francisco / San Jose
54%
513 bil Boston
51%
406 bil Milano
51%
456 bil Philadelphia
51%
432 bil Atlanta
46%
444 bil Seattle
43%
586 bil Taipei
43%
410 bil Wuhan
43%
404 bil Nagoya
30%
1369 bil Guangzhou / Shenzhen
27%
371 bil Tianjin
22%
486 bil Chengdu
19%
406 bil Dhaka
19%
658 bil Chongqing
16%
363 bil Nanjing
11%
397 bil Hangzhou
8%
Ehtoja vastaavia visoja ei löytynyt
Tulosjakauma
Jokaisen tuloksen saaneiden osuus
Persentiili vastausten määrän mukaan
Tuloshistoriasi
Et ole pelannut tätä visaa